| 000 | 01895nam a2200265 i 4500 | ||
|---|---|---|---|
| 001 | 11126 | ||
| 003 | ES-MaACL | ||
| 005 | 20250724094348.0 | ||
| 008 | 941125m1995 sp a e 001 0dspa | ||
| 020 | _a84-01-61720-0 | ||
| 080 | _a031 | ||
| 245 | 0 | 0 |
_aGran Larousse universal / _c[edición española, Guillem Burrel i Floría ... et al.]. |
| 246 | 3 | _aEnciclopedia Larousse | |
| 260 |
_aBarcelona : _bPlaza & Janés, _c1995. |
||
| 300 |
_a40 v. : _bil. col. y n ; _c30 cm. |
||
| 505 | 8 | _aContiene: 1. Aalto-Alejandro III -- 2. Alejandro IV-animal -- 3. Animismo-Asia central -- 4. Asia monzónica-bamileke -- 5. Banca-Bonampak -- 6. Bonaparte-Campanella -- 7. Campania-Célebes -- 8. Celentéreos-compás -- 9. Competencia-crecimiento económico -- 10. Crédito-Deledda -- 11. Delfín-Edda -- 12. Edema-Eslava -- 13. Eslavos-Estuardo -- 14. Estuario-Fokine -- 15. Folklore-generalidad -- 16. Generativa (gramática)-Guinea ecuatorial -- 17. Guionistas-horno -- 18. Horóscopo-indumentaria -- 19. Industrial (revolución)-Jamaica -- 20. James-Lao She -- 21. Laplace-Luis IX -- 22. Luis XI-Martí -- 23. Martin-Miró (Gabriel) -- 24. Miró (Joan)-Narváez -- 25. Nash-Olimpia -- 26. Olímpicos (juegos)-parcial -- 27. Pardo Bazán-plastificado -- 28. Plata-Puebla de Zaragoza -- 29. Pueblo-retórica -- 30. Retraso mental-Saladino I -- 31. Salamanca-Siberia -- 32. Sica- Sullivan -- 33. Sumatra-Tíbet -- 34. Tiburones-Urartu -- 35. Urbanismo-vid y vinos -- 36. Vieira-Zúrich -- 37 Índice -- 38-39. Diccionario de la lengua española. -- 40. Gran atlas mundial | |
| 650 | 4 |
_aEnciclopedias. _912235 |
|
| 650 | 4 |
_aLengua española- _vDiccionarios. _914137 |
|
| 650 | 7 |
_aAtlas _2embne _910407 |
|
| 700 | 1 |
_aBurrel i Floría, Guillem. _932766 |
|
| 740 | 0 | 2 | _aDiccionario de la lengua española. |
| 740 | 0 | 2 | _aGran atlas mundial. |
| 852 | 4 |
_aES-MaACL _jENC 031 gra |
|
| 999 |
_c11126 _d11126 |
||